• 首页
  • 本馆介绍
  • 公告通知
  • 最新文献
  • 馆藏检索
  • 电子资源
  • 读者导购
  • 参考咨询
  • 我的图书馆
  • 登录
  • 详细信息显示
  • 放入我的书架
  • 预约/预借图书
  • 作者相关作品
  • 分类相关作品
  • 丛书相关作品
  • 出版社相关作品

书目信息

  • 表格格式
  • 工作单格式
  • 卡片格式
题名:
中国现代医学(1987)
    
 
作者: 王季午主编
分册:  
出版信息:    1988.10
页数: 313页
开本: 19cm
丛书名:
单 册:
中图分类: R-03
科图分类:
主题词: 医药学--理论
电子资源:
ISBN:
000 00502nam0 2200181 45
001 9911301546
005 19991130153205.5
010    @d11.00
100    @a19991130d1988 km y0chiy0120 ea
101    @achi
105    @a z 000yy
200 1  @a中国现代医学(1987)@AZhong Guo Xian Dai Yi Xue(1987)@f王季午主编@FWang Ji Wu Zhu Bian
210    @d1988.10
215    @a313页@c无图表@d19cm
606 0  @a医药学@x理论
690    @aR-03@v3
801    @aCN@bPerfectUser@c19991130
905    @aBZT@b41790-792@f3@dR-03@e3
    
    中国现代医学(1987)/王季午主编.-1988.10
    313页:无图表;19cm
    
    
    ISBN :11.00
    
●
相关链接 在五车中查询图书 在当当中查询图书 在豆瓣中查询图书


正题名:中国现代医学(1987)     索取号:R-03/3         预约/预借

序号 登录号 条形码 馆藏地/架位号 状态 备注
山东省滨州职业学院图书馆 欢迎您!
大连网信软件有限公司© 版权所有